000 00463nam a2200133Ia 4500
008 220216s9999 xx 000 0 und d
100 _aJoseph J.[c]
245 0 _aVulcanized rubber coating on mud wall for durability
260 _bNational Symposium on Impact of Chemistry on Life and Society, 1-3 October 2004, Department of Chemsitry, Tripura University, Agartala
_c2004
650 _aMud wall
650 _aRubber coating
700 _aDey S.K.
942 _cBS
999 _c52548
_d52548